Statistieken voor Landen van Azië met een Lege Kaart

Klik hier om de quiz te nemen!

Algemene statistieken

  • Deze quiz is 3.578 keer genomen
  • De gemiddelde score is 40 van 48

Antwoorden op de kaart

Antwoorden kleurgecodeerd door een groen-rode schaal op de quizkaart volgens % correct hieronder.
 

Antwoordstatistieken

Country% Correct
China
99%
India
97%
Japan
95%
Indonesië
94%
Irak
93%
Iran
93%
Mongolië
93%
Thailand
93%
Noord-Korea
92%
Zuid-Korea
92%
Afghanistan
91%
Nepal
91%
Pakistan
91%
Vietnam
91%
Saoedi-Arabië
90%
Kazachstan
89%
Jemen
87%
Laos
87%
Bangladesh
86%
Israël
86%
Oman
86%
Syrië
86%
Turkmenistan
86%
Oezbekistan
85%
Bhutan
84%
Myanmar
84%
Turkije
84%
Sri Lanka
83%
Armenië
82%
Georgië
82%
Jordanië
82%
Maleisië
82%
Qatar
82%
Taiwan
82%
Azerbeidzjan
81%
Cambodja
81%
Kirgizië
79%
Tadzjikistan
79%
Singapore
78%
Verenigde Arabische Emiraten
78%
Filipijnen
77%
Libanon
75%
Koeweit
74%
Bahrein
73%
Brunei
72%
Oost-Timor
68%
Maldiven
65%
Cyprus
58%

Scoreverdeling

Percentiel versus Aantal Correcte Antwoorden

Procent van Mensen met Elke Score

Uw Scoregeschiedenis

U heeft deze quiz nog niet genomen